000
00282nam a2200109Ia 4500
008
190216s9999||||xx |||||||||||||| ||und||
100
_a
Harold Biermen & Seymour Smidt
245
0
_a
Capital Budgeting Decision
260
_b
Macmillan India Ltd
_c
1971
300
_a
463p
942
_c
BK
999
_c
4914
_d
4914